Viackriteriálne rozhodovanie – metóda AGREPREF diplomová práca

Gespeichert in:
Bibliographische Detailangaben
1. Verfasser: Ambrová, Veronika
Körperschaft: Fakulta hospodárskej informatiky EU. Katedra aplikovanej informatiky
Weitere Verfasser: Bednár, Peter
Format: Buch
Sprache:Slowakisch
Veröffentlicht: Bratislava 2015
Tags: Tag hinzufügen
Keine Tags, Fügen Sie das erste Tag hinzu!

MARC

LEADER 00000nbm a2200000 4500
001 0203738
005 20161212115410.8
041 0 |a slo 
044 |a SK 
245 1 0 |a Viackriteriálne rozhodovanie – metóda AGREPREF  |b diplomová práca  |c Veronika Ambrová ; školiteľ: Peter Bednár 
264 1 |a Bratislava  |c 2015 
300 |a 66 s. 
100 1 |a Ambrová, Veronika 
700 1 |a Bednár, Peter 
710 2 |a Fakulta hospodárskej informatiky EU. Katedra aplikovanej informatiky